000 02058nam a2200373 a 4500
001 ebr10280013
003 CaPaEBR
006 m u
007 cr cn|||||||||
008 070323s2007 wiuab sb s001 0 eng c
010 _z 2007011736
020 _z0299223302 (cloth : alk. paper)
020 _z0299223345 (pbk. : alk. paper)
040 _aCaPaEBR
_cCaPaEBR
035 _a(OCoLC)646801461
050 1 4 _aE184.I6
_bC34 2007eb
082 0 4 _a305.891/62008691209034
_222
100 1 _aCampbell, Malcolm,
_d1963-
245 1 0 _aIreland's New Worlds
_h[electronic resource] :
_bimmigrants, politics, and society in the United States and Australia, 1815-1922 /
_cMalcolm Campbell.
260 _aMadison, Wis. :
_bUniversity of Wisconsin Press,
_cc2007.
300 _a249 p. :
_bill., maps.
490 1 _aHistory of Ireland and the Irish diaspora
504 _aIncludes bibliographical references (p. 219-241) and index.
505 0 _aContrasting fortunes : Irish lives from 1815 to the famine -- Crisis and despair : the famine and its aftermath -- Irish rural life : Minnesota and New South Wales compared -- The Pacific Irish : California and Eastern Australia -- New Worlds converge : immigrants, nationalisms and sectarian cultures -- Call of the new : Irish worlds in the late-nineteenth century -- Casting off ties : 1914 to the Irish civil war.
533 _aElectronic reproduction.
_bPalo Alto, Calif. :
_cebrary,
_d2013.
_nAvailable via World Wide Web.
_nAccess may be limited to ebrary affiliated libraries.
650 0 _aIrish Americans
_xSocial conditions
_y19th century.
650 0 _aIrish
_zAustralia
_xSocial conditions
_y19th century.
650 0 _aIrish Americans
_xSocial conditions
_y20th century.
650 0 _aIrish
_zAustralia
_xSocial conditions
_y20th century.
655 7 _aElectronic books.
_2local
710 2 _aebrary, Inc.
830 0 _aHistory of Ireland and the Irish diaspora.
856 4 0 _uhttp://site.ebrary.com/lib/rucke/Doc?id=10280013
_zAn electronic book accessible through the World Wide Web; click to view
999 _c4007
_d4007